Informe Pi i Sunyer sobre Gobierno Local en las democracias avanzadas
ISBN:
84-7069-812-x
Descripción Física:
557 ; 24 cm
MARC
| LEADER | 00000nam a2200000Ia 4500 | ||
|---|---|---|---|
| 001 | 19081 | ||
| 008 | 160829s1996 xx 000 0 cat d | ||
| 020 | |a 84-7069-812-x | ||
| 080 | |a M-5-91 | ||
| 245 | |a Informe Pi i Sunyer sobre Gobierno Local en las democracias avanzadas | ||
| 260 | |a Barcelona : |b Fundació Carles Pi i Sunyer d'Estudis Autonòmics i Locals, |c 1996 | ||
| 300 | |a 557 ; |c 24 cm | ||
| 650 | |a Espanya |x Comunitats autònomes |x Dret i legislació |9 44835 | ||
| 650 | 0 | |a Poder legislatiu |x Espanya |x Comunitats autònomes |9 44838 | |
| 710 | 1 | |a Fundació Carles Pi i Sunyer d'Estudis Autonòmics i Locals |9 52753 | |
| 901 | |a Arxiu | ||
| 942 | |n 1 | ||
| 952 | |0 0 |1 0 |4 0 |6 M591 |7 1 |9 52204 |a Arxiu |b Arxiu |d 2016-12-01 |l 0 |o M-5-91 |p 19081 |r 2016-12-01 00:00:00 |w 2016-12-01 |y ARXIU | ||
| 999 | |c 56052 |d 56052 | ||